Las fuentes del Derecho Financiero en la Comunidad Autonoma del Pais Vasco (Registro nro. 158638)
[ vista simple ]
| 000 -LEADER | |
|---|---|
| fixed length control field | 01079ny a22002533n 4500 |
| 008 - FIXED-LENGTH DATA ELEMENTS--GENERAL INFORMATION | |
| fixed length control field | 080624s2006 sp s 000 0 spa c |
| 020 ## - INTERNATIONAL STANDARD BOOK NUMBER | |
| International Standard Book Number | 8484941019 |
| 035 ## - | |
| -- | 1643 |
| 040 ## - CATALOGING SOURCE | |
| Original cataloging agency | UMA.RE |
| Modifying agency | vLex |
| 080 ## - | |
| -- | 347.7:351.72(460.15)(0.034) |
| 080 ## - | |
| -- | 351.72:347.7(460.15)(0.034) |
| 090 ## - | |
| -- | 99 |
| -- | 99 |
| 100 1# - MAIN ENTRY--PERSONAL NAME | |
| Personal name | Rodrigo Ruiz, Marco A |
| 245 14 - TITLE STATEMENT | |
| Title | Las fuentes del Derecho Financiero en la Comunidad Autonoma del Pais Vasco |
| Medium | [Recurso electrónico] |
| Statement of responsibility, etc | Marco A. Rodrigo Ruiz |
| 256 ## - | |
| -- | Servicio en línea |
| 260 ## - PUBLICATION, DISTRIBUTION, ETC. (IMPRINT) | |
| Place of publication, distribution, etc | [Madrid] : |
| Name of publisher, distributor, etc | Edersa, |
| Date of publication, distribution, etc | 2006 |
| 506 1# - RESTRICTIONS ON ACCESS NOTE | |
| Terms governing access | Contenido solo disponible en los productos indicados |
| Authorized users | vLex Global |
| -- | vLex Global (Academic Edition, excluding Law Schools) |
| -- | vLex Global (U.S. Academic Edition, Law Schools) |
| -- | vLex Global (U.S. Academic Edition, excluding Law Schools) |
| -- | vLex Global (Academic Edition, Law Schools) |
| 650 07 - SUBJECT ADDED ENTRY--TOPICAL TERM | |
| Topical term or geographic name as entry element | Tributario |
| Source of heading or term | Tesauro vLex |
| 650 07 - SUBJECT ADDED ENTRY--TOPICAL TERM | |
| Topical term or geographic name as entry element | Derecho foral |
| Source of heading or term | Tesauro vLex |
| 740 0# - | |
| -- | vLex Libros (Servicios en línea) |
| 856 40 - LOCALIZACIÓN Y ACCESO ELECTRÓNICO | |
| Identificador Uniforme del Recurso (URI/URL) | https://app.vlex.com/#/sources/1643 |
| 942 ## - | |
| -- | RAA |
| 999 ## - | |
| -- | 158638 |
| -- | 158638 |
No hay ítems disponibles.